<?xml version="1.0" encoding="UTF-8"?><?xml-stylesheet type="text/xsl" href="static/style.xsl"?><OAI-PMH xmlns="http://www.openarchives.org/OAI/2.0/" xmlns:xsi="http://www.w3.org/2001/XMLSchema-instance" xsi:schemaLocation="http://www.openarchives.org/OAI/2.0/ http://www.openarchives.org/OAI/2.0/OAI-PMH.xsd"><responseDate>2026-06-05T13:09:33Z</responseDate><request verb="GetRecord" identifier="oai:riuma.uma.es:10630/34856" metadataPrefix="marc">https://riuma.uma.es/rest/oai/request</request><GetRecord><record><header><identifier>oai:riuma.uma.es:10630/34856</identifier><datestamp>2026-02-03T11:15:40Z</datestamp><setSpec>com_10630_2254</setSpec><setSpec>col_10630_37953</setSpec></header><metadata><record xmlns="http://www.loc.gov/MARC21/slim" xmlns:dcterms="http://purl.org/dc/terms/" xmlns:doc="http://www.lyncode.com/xoai" xmlns:xsi="http://www.w3.org/2001/XMLSchema-instance" xsi:schemaLocation="http://www.loc.gov/MARC21/slim http://www.loc.gov/standards/marcxml/schema/MARC21slim.xsd">
   <leader>00925njm 22002777a 4500</leader>
   <datafield ind2=" " ind1=" " tag="042">
      <subfield code="a">dc</subfield>
   </datafield>
   <datafield ind2=" " ind1=" " tag="720">
      <subfield code="a">Almadana-Abón, Santiago Antonio</subfield>
      <subfield code="e">author</subfield>
   </datafield>
   <datafield ind2=" " ind1=" " tag="720">
      <subfield code="a">Molina-Gómez, Jesús</subfield>
      <subfield code="e">author</subfield>
   </datafield>
   <datafield ind2=" " ind1=" " tag="720">
      <subfield code="a">Mercade-Mele, Pere</subfield>
      <subfield code="e">author</subfield>
   </datafield>
   <datafield ind2=" " ind1=" " tag="720">
      <subfield code="a">Núñez-Sánchez, José Manuel</subfield>
      <subfield code="e">author</subfield>
   </datafield>
   <datafield ind2=" " ind1=" " tag="260">
      <subfield code="c">2024</subfield>
   </datafield>
   <datafield ind2=" " ind1=" " tag="520">
      <subfield code="a">of total compensation and its relationship to human resource management mediated by the relationship&#xd;
of strategic corporate governance in the technology sector.&#xd;
Design/methodology/approach: A quantitative approach of extrinsic and intrinsic non-financial&#xd;
rewards, human resource management and strategic management of the company has been carried out.&#xd;
To obtain the necessary data, self-administered questionnaire were used. The results obtained from a&#xd;
sample of 97 human resource managers in the technology sector proves the causal relationship between&#xd;
each type of non-financial reward and human resource management, as well as its link to the strategic&#xd;
management.&#xd;
Findings: Using Partial Least Squares Structural Equation Model (PLS-SEM), significant relationships&#xd;
occur between human resource management and strategic management, followed by the relationship&#xd;
between human resource management and intrinsic rewards. A significant relationship exists between&#xd;
human resource management and direct and indirect intrinsic rewards through strategic management.&#xd;
In turn, only an indirect relationship exists between human resource management and extrinsic&#xd;
non-financial rewards through strategic management, but there is no direct relationship.&#xd;
Originality/value: These findings are highly important for human resource management, since it could&#xd;
allow the development of new compensation strategies with non-financial rewards under strategic&#xd;
management helping technology companies to generate competitive advantage by means of the same.</subfield>
   </datafield>
   <datafield ind1="8" ind2=" " tag="024">
      <subfield code="a">Almadana-Abón, S., Molina-Gómez, J., Mercadé-Melé, P., &amp; Núñez-Sánchez, J.M. (2024). Non-financial rewards for human resource management in technological companies. Intangible Capital, 20(3), 497-512. https://doi.org/10.3926/ic.2737</subfield>
   </datafield>
   <datafield ind1="8" ind2=" " tag="024">
      <subfield code="a">https://hdl.handle.net/10630/34856</subfield>
   </datafield>
   <datafield ind1="8" ind2=" " tag="024">
      <subfield code="a">10.3926/ic.2737</subfield>
   </datafield>
   <datafield tag="653" ind2=" " ind1=" ">
      <subfield code="a">Gestión de recursos humanos</subfield>
   </datafield>
   <datafield tag="653" ind2=" " ind1=" ">
      <subfield code="a">Motivación en el trabajo</subfield>
   </datafield>
   <datafield ind2="0" ind1="0" tag="245">
      <subfield code="a">Non-financial rewards for human resource management in technological companies.</subfield>
   </datafield>
</record>
</metadata></record></GetRecord></OAI-PMH>